Cảm on Anh Ang /

保存先:
書誌詳細
第一著者: Alain Pham Ngoc Dinh.
フォーマット: 論文
言語:Vietnamese
タグ: タグ追加
タグなし, このレコードへの初めてのタグを付けませんか!
Thư viện lưu trữ: Thư viện Trường Đại học Đà Lạt
LEADER 00698nam a2200241 4500
001 DLU120143794
005 ##20121113
040 # # |a DLU  |b vie 
041 # # |a vie 
044 # # |a vn 
100 # # |a Alain Pham Ngoc Dinh. 
245 # # |a Cảm on Anh Ang /  |c Alain Pham Ngoc Dinh. 
773 # # |t Kỷ yếu mừng GS.TS. Đặng Đình Ánh thượng thọ 80. Trong ngần bóng gương,   |g  2006, tr. 337-344 
920 # # |a Phòng Tạp chí -- Trung tâm Thông tin - Thư viện Trường Đại học Đà Lạt 
994 # # |a DLU 
900 # # |a True 
911 # # |a Nguyễn Thị Mai Anh 
925 # # |a G 
926 # # |a A 
927 # # |a BB 
980 # # |a Thư viện Trường Đại học Đà Lạt